000 00572nam a2200253Ia 4500
008 160321s9999||||xx |||||||||||||| ||und||
040 _cHindi
082 _aXI.C Goendka
082 _bBORI-76360
100 _aJaydayal Goenka
245 _aShiksha Patra
300 _a234
300 _cA
300 _ePaperback
530 _u00056766.pdf
563 _aStudy
600 _aJaydayal Goenka
630 _aShiksha Patra
650 _aGeneral Indology
650 _aPhilosophy
700 _aJaydayal Goenka
730 _aShiksha Patra
942 _cBOOK
999 _c1369701
_d1369698